000 00648nam a2200169Ia 4500
008 150610s9999 xx 000 0 und d
020 _a0801065992 (pbk.)
050 _aPR6023
_b.E926L4325 2005
100 _aBrown, Devin
245 _aInside Narnia :
_ba guide to exploring The lion, the witch, and the wardrobe /
_cDevin Brown.
260 _aGrand Rapids, Mich. :
_bBaker Books,
_c2005.
300 _a255pages :
_c22 cm.
504 _aIncludes bibliographical references.
520 _a Children's stories, English.
650 _aHistory and critisism
_x Fantasy fiction, English
650 _aHistory and critisism
_xChristian fiction, English.
999 _c288136
_d288136